000
00345 a2200157 4500
001
151543
040
_c
Escola São Tomás de Aquino
100
_a
GRISOLIA, Dulcy
240
1
0
_a
A raposa e as uvas
_l
por
245
1
0
_a
A raposa e as uvas
300
_a
24
362
0
_a
2001
440
1
_a
FTD
697
_a
*LITERATURA INFANTIL
942
_c
BK
999
_c
151543
_d
151543